000 00621nam a2200145Ia 4500
008 100122s9999 xx 000 0 und d
082 _b56786
_a820.9
100 _aगुंदेकर श्रीराम
245 _aग्रामीण साहित्य प्रेरणा प्रयोजन
260 _bदिलीपराज प्रकाशन
_c1999
300 _a126
630 _aग्रामीण साहित्य प्रेरणा प्रयोजन
730 _aग्रामीण साहित्य प्रेरणा प्रयोजन
942 _cBOOK
999 _c433136
_d433133